Представление документа в формате RUSMARC

ПолеНазваниеЗначение
  Тип записи a
  Библиографический уровень m
001 Контрольный номер 5e1c2670d3964e57bd9ba6f7177d0880
005 Дата корректировки 20231120163253.0
010 Индекс ISBN __
a ISBN 978-5-00167-079-7
b Уточнения в пер.
9 Тираж 3000 экз.
d Цена 1089-00
100 Данные общей обработки __
a Данные общей обработки 20221121d2021 d y0rusy028902 ca
101 Язык документа 1_
a Язык текста rus
c Язык оригинала gre
102 Страна публикации __
a Страна публикации RU
105 Кодированные данные (монография) __
a Кодированные данные (монография) a z 000ay
181 Поле кодированных данных: вид содержания _0
a Код вида содержания (ISBD) i
182 Поле кодированных данных: тип средства _0
a Код типа средства (ISBD) n
200 Заглавие и сведения об ответственности 1_
a Заглавие Одинокое дерево
e Сведения, относящиеся к заглавию для среднего и старшего школьного возраста
f Первые сведения об ответственности Мария Папаянни
g Последующие сведения об ответственности перевод с греческого Анны Ковалевой ; иллюстрации Натальи Яскиной
203 Вид содержания и тип средства __
a Вид содержания Текст
c Тип средства непосредственный
210 Выходные данные 1_
a Место издания Москва
c Издательство Самокат
d Дата издания 2021
215 Физическое описание __
a Объем 252, [3] с.
c Иллюстрации/тип воспроизводства ил.
d Формат 21 см
225 Серия 2_
a Серия Лучшая новая книжка
300 Общие примечания __
a Общие примечания На переплете: Для тех кто не верит слухам
330 Аннотация __
a Аннотация В греческой деревне на краю утеса, что смотрит в море, стоит Одинокое дерево. Давным-давно его почитали, как святыню, украшали ветви подношениями и заклинали утихомирить волны, чтобы не разбушевался шторм. Но с тех пор уже много лет никто не приходит к дереву, не сидит в тени его ветвей и не устраивает праздника в его честь... Спустя долгие годы, проведенные в клинике для душевнобольных, в деревню возвращается старуха Виолета. Все считают ее сумасшедшей и рассказывают небылицы о ее прошлом, а деревенские мальчишки во главе с хулиганом Маркосом всячески пакостят старухе. А когда из церкви пропадают ценные подношения, все в деревне начинают подозревать в краже вернувшуюся Виолету. Но Симос не верит сплетням и заводит дружбу с одинокой старухой. Узнавая все больше о ее жизни, Симос понимает, что правда о ней на самом деле куда более горькая, чем любые слухи.
333 Примечание о целевом назначении __
a Примечание о целевом назначении 12+. Для детей старше 12 лет
606 Тематические рубрики __
a Основная рубрика Художественная литература
2 Код системы nlr_sh
606 Тематические рубрики __
a Основная рубрика Литература Европы (произведения)
y Географическая подрубрика Греция
2 Код системы nlr_sh
610 Ключевые слова 0_
a Ключевые слова детская литература
610 Ключевые слова 0_
a Ключевые слова подростковая литература
610 Ключевые слова 0_
a Ключевые слова зарубежная литература
610 Ключевые слова 0_
a Ключевые слова современная литература
610 Ключевые слова 0_
a Ключевые слова греческая литература
610 Ключевые слова 0_
a Ключевые слова повести
610 Ключевые слова 0_
a Ключевые слова повести о детях
610 Ключевые слова 0_
a Ключевые слова тема тайн
610 Ключевые слова 0_
a Ключевые слова тема тайн прошлого
610 Ключевые слова 0_
a Ключевые слова тема людей
610 Ключевые слова 0_
a Ключевые слова тема судеб
686 Индексы других классификаций __
a Классификационный индекс 84(4Гре)6-4; ст84(4Гре)-4
2 Код системы rubbks
700 Автор _1
a Фамилия Папаянни
b Имя М.
f Даты 1964-
g Полное личное имя Мария
4 Код отношения 070
702 Вторичная интеллектуальная ответственность _1
a Фамилия Ковалева
b Имя А.
g Полное личное имя Анна
4 Код отношения 730
702 Вторичная интеллектуальная ответственность _1
a Фамилия Яскина
b Имя Н. В.
g Полное личное имя Наталья Владимировна
4 Код отношения 440
801 Источник записи _0
a Страна RU
b Организация Муниципальное бюджетное учреждение культуры "Централизованная библиотечная система" г. Сургут (Центральная городская библиотека им. А. С. Пушкина)
g Правила каталогизации PSBO
c Дата составления 20221121
801 Источник записи _1
a Страна RU
b Организация Муниципальное бюджетное учреждение культуры "Централизованная библиотечная система" г. Сургут (Центральная городская библиотека им. А. С. Пушкина)
g Правила каталогизации PSBO
c Дата составления 20221121
852 Данные о местонахождении __
i Авторский знак П 17
j Шифр хранения 84(4Гре)6-4
900 Макрообъекты __
a Макрообъекты Одинокое дерево, 2021
901 Тип документа __
t Тип документа m
a Ответственный ООФиК/Волкова
903 Характеристики (МАРС) __
c Наименование библиотеки (МАРС) Муниципальное бюджетное учреждение культуры "Централизованная библиотечная система" г. Сургут (Центральная городская библиотека им. А. С. Пушкина)
a Дата передачи 20221121
969 Тип издания __
a Тип издания издание для детей
a Тип издания издание для подростков
990 Данные о заказе (DOS) __
j Количество экземпляров (DOS) 2
t N записи в КСУ для И/У (DOS) 202301